000 00611nam a2200217 a 4500
001 18815
003 CO-ViMGA
008 141112s2004 ck r 000 u spa d
020 _a8474322618
040 _aCO-ViMGA
_bspa
_cCO-ViMGA
082 0 4 _a793.73 G173j
100 1 _aGardner, Martin
245 1 0 _aJuegos y Enigmas de otros mundos
260 _aBarcelona :
_bEditorial Gedisa S.A.; 2000
300 _a249 p.
490 _aAficionados : juegos educativos; 6
590 _aForma de adquisición : Premio Mincultura
650 1 4 _aADIVINANZAS
_9960
650 1 4 _aMATEMATICAS RECREATIVAS
942 _2ddc
_cBK
999 _c28044
_d28044